Taller de Anl̀isis "hacia el sistema nacional de financiamiento rural"

Bibliographic Details
Format: eBook
Language:Spanish
Published: Ciudad de Mx̌ico: Cm̀ara de Diputados, 2005
Subjects:
Online Access:Acceso restringido

MARC

LEADER 00000nam a22000007a 4500
005 20180320195847.0
007 cr|||| ||||
008 180320s2005 mx |||||s||||f00||0 spa d
035 |a 21104 
040 |a vLex 
090 |c 7506  |d 7506 
245 0 0 |a Taller de Anl̀isis "hacia el sistema nacional de financiamiento rural"  |h [Recurso electrn̤ico] / 
256 |a Servicio en ln̕ea 
260 |a Ciudad de Mx̌ico:  |b Cm̀ara de Diputados,  |c 2005 
300 |a 1 recurso electrn̤ico 
506 1 |a Disponible solo en los productos indicados  |d vLex Global  |d vLex Global (Academic Edition, excluding Law Schools)  |d vLex Global (U.S. Academic Edition, Law Schools)  |d vLex Global (U.S. Academic Edition, excluding Law Schools)  |d vLex Global (Academic Edition, Law Schools) 
650 0 4 |a Derecho Pb︢lico y Administrativo  |z Mx̌ico 
740 0 |a vLex Libros (Servicio en ln̕ea) 
856 4 0 |u http://vlex.com/source/taller-analisis-sistema-nacional-financiamiento-rural-21104  |z Acceso restringido 
942 |c BOOK 
999 0 |a Public and Administrative Law